Statystyki dla Największe państwa świata

Kliknij tutaj aby rozwiązać quiz!

Ogólne statystyki

  • Ten quiz został rozwiązany 409 razy
    (306 od ostatniego zresetowania)
  • Średni wynik to 6 z 10

Statystyki odpowiedzi

ZagadnienieOdpowiedź% Poprawnych
Największe państwo świataRosja
98%
Drugie największe państwo świataKanada
71%
Największe państwo położone w całości w EuropieUkraina
66%
Największe państwo bliskiego wschoduArabia Saudyjska
65%
Największe państwo w UEFrancja
65%
5 największe państwo świataBrazylia
60%
Największe państwo w AfryceAlgieria
58%
Trzecie największe państwo świataChiny
53%
Największe państwo w Azji oprócz Rosji i ChinIndie
53%
Czwarte największe państwo świataStany Zjednoczone
52%

Rozkład punktacji

Percentyl według liczby udzielonych odpowiedzi

Procent ludzi z każdym wynikiem

Twoja historia wyników

Nie rozwiązałeś tego quizu od ostatniego zresetowania